000
00283nam a22000977a 4500
008
150819b xxu||||| |||| 00| 0 eng d
020
_a
0875892248
100
_a
FELDMAN CAROL FLEISHER
245
_a
THE DEVELOPMENT OF ADAPTIVE INTELLIGENCE
260
_a
SAN FRANCISCO
_b
JOSSEY- PUBLISHERS
_c
1974
999
_c
167
_d
167